Candid camera : the best of the 1990s / Candid ... Read More
Available copies
- 1 of 1 copy available at LARL/NWRL Consortium.
Current holds
0 current holds with 1 total copy.
View other formats and editions
Show Only Available Copies
| Location | Call Number / Copy Notes | Barcode | Shelving Location | Status | Due Date |
|---|---|---|---|---|---|
| Red Lake Falls Public Library | DVD CAN (Text) | 35500006396533 | Main | Available | - |
Record details
- Physical Description: 1 videodisc (approximately 141 min.) : sound, ... Read More
- Publisher: Burbank, CA : Rhino Home Video, ©2004.
Content descriptions
| Participant or Performer Note: | Hosts: Peter Hunt, Susanne Somers, Dina Eastwood. |
| Summary, etc.: | This disc contains highlights of pranks and ... Read More |
| Target Audience Note: | Not rated. |
| System Details Note: | DVD. |
Search for related items by subject
| Subject: | Human behavior > Humor. Comportement humain > Humour. Human behavior |
| Genre: | DVDs > Human behavior > Humor. Television comedies Humor Television comedies. |
Search for related items by series
| LDR | 02059cgm a2200445 a 4500 | ||
|---|---|---|---|
| 001 | 479039 | ||
| 003 | LARL_NWRL_CONSORTIUM | ||
| 005 | 20260122105653.0 | ||
| 008 | 050824p20041990cau141 vleng d | ||
| 007 | vd cvaiz| | ||
| 035 | . | ‡a(OCoLC)61333473 | |
| 040 | . | ‡aTEFMT ‡beng ‡cTEFMT ‡dRCS ‡dDPL ‡dOCLCQ ‡dOCLCA ‡dOCLCF ‡dOCLCO ‡dOCL ‡dOCLCO ‡dOCLCA ‡dOCLCQ ‡dOCLCO ‡dOCLCA ‡dWIQ ‡dOCLCO ‡dOCLCQ ‡dOCLCO ‡dKNV ‡dOCLCO ‡dOCLCA ‡dOCLCL ‡dOCLCO ‡dOCLCL ‡dOCLCO ‡dOCLCL | |
| 024 | 1 | . | ‡a603497035724 |
| 028 | 4 | 2. | ‡aR2 970357 ‡bRhino Home Video |
| 035 | . | ‡a(OCoLC)61333473 | |
| 037 | . | ‡bMidwest Tapes ‡nhttp://www.midwesttapes.com | |
| 082 | 0 | 4. | ‡a791.45/72 ‡222 |
| 245 | 0 | 0. | ‡aCandid camera : ‡bthe best of the 1990s / ‡cCandid Camera Inc. |
| 246 | 3 | . | ‡aCandid camera : ‡bthe best of the nineteen nineties |
| 260 | . | ‡aBurbank, CA : ‡bRhino Home Video, ‡c©2004. | |
| 300 | . | ‡a1 videodisc (approximately 141 min.) : ‡bsound, color ; ‡c4 3/4 in. | |
| 336 | . | ‡atwo-dimensional moving image ‡btdi ‡2rdacontent | |
| 337 | . | ‡avideo ‡bv ‡2rdamedia | |
| 338 | . | ‡avideodisc ‡bvd ‡2rdacarrier | |
| 490 | 0 | . | ‡aCandid camera |
| 538 | . | ‡aDVD. | |
| 521 | . | ‡aNot rated. | |
| 511 | 0 | . | ‡aHosts: Peter Hunt, Susanne Somers, Dina Eastwood. |
| 520 | . | ‡aThis disc contains highlights of pranks and bloopers from the series from the 1990s. Categories include Candid Camera looks at love, Candid Camera across America and Candid Camera's battle of the sexes. | |
| 650 | 0. | ‡aHuman behavior ‡vHumor. ‡0(LARL_NWRL_CONSORTIUM)172454 | |
| 650 | 6. | ‡aComportement humain ‡vHumour. | |
| 650 | 7. | ‡aHuman behavior ‡2fast ‡0(LARL_NWRL_CONSORTIUM)22512 | |
| 655 | 0. | ‡aDVDs ‡xHuman behavior ‡vHumor. | |
| 655 | 7. | ‡aTelevision comedies ‡2fast ‡0(LARL_NWRL_CONSORTIUM)175737 | |
| 655 | 7. | ‡aHumor ‡2fast | |
| 655 | 7. | ‡aTelevision comedies. ‡2lcgft ‡0(LARL_NWRL_CONSORTIUM)175737 | |
| 700 | 1 | . | ‡aFunt, Peter. |
| 700 | 1 | . | ‡aSomers, Suzanne, ‡d1946-2023. |
| 700 | 1 | . | ‡aEastwood, Dina. |
| 901 | . | ‡a479039 ‡bAUTOGEN ‡c479039 ‡tbiblio | |

Add to basket
Permalink
Disable Highlighting